| 000 | 00566nam a2200145 a 4500 | ||
|---|---|---|---|
| 008 | 100106s1995 ||||||||||||||||| || u | ||
| 050 | _aPAPERS/STAFF | ||
| 100 | _aLungu, Cosmas | ||
| 245 | 1 | 0 | _aLake Bangweulu fishery complex: programs of stock manament |
| 260 |
_aKitwe _bCopperbelt University, School of Technology _c1995 |
||
| 350 | _a0.00 | ||
| 650 | _aAQUACULTURE | ||
| 650 | _aFISHERY MANAGEMENT | ||
| 995 |
_D0.00 _FCBU-MAIN LIBRARY (Kitwe) _H1 _I0.00 _M1 _UAVAILABLE _WJan 6, 2010 _ZUniversity Collection |
||
| 999 |
_c48761 _d48761 |
||